| 000 | 01206nam a22002657a 4500 | ||
|---|---|---|---|
| 999 |
_c8711 _d8711 |
||
| 003 | AR-CdUCM | ||
| 008 | 190325b ||||| |||| 00| 0 spa d | ||
| 020 | _a978-612-45317-1-2 | ||
| 040 |
_aMUNICIPALIDAD PROVINCIAL DEL CUSCO _cBIBLIOTECA MUNICIPAL DEL CUSCO |
||
| 082 |
_a305.896 / _bM671 |
||
| 100 |
_aCentro de Desarrollo étnico _924321 |
||
| 245 |
_aMira cómo ves : _bRacismo y estereotipos étnicos en los medios de comunicación / |
||
| 260 |
_aLima : _bCentro de Desarrollo étnico, _c2010. |
||
| 300 |
_a205 páginas ; _bFotografías, _c24 cm. |
||
| 440 |
_aCaja negra _n2 _924322 |
||
| 505 | _aContenido: Reúne las ponencias y documentos presentados en el Segundo Seminario Internacional "Los Medios de Comunicación Social: Hacia una Inclusión Étnica", realizado en Lima, del 28 de noviembre al 1 de diciembre de 2006. | ||
| 650 |
_aMedios de comunicación de masas y relaciones raciales _924323 |
||
| 650 |
_aRacismo en medios de comunicación de masas _924324 |
||
| 650 |
_aEstereotipo _924325 |
||
| 650 |
_aDiscriminación racial _911668 |
||
| 700 |
_aMayorga Balcázar, Lilia _924326 |
||
| 710 |
_aCentro de Desarrollo Étnico (Lima) _924327 |
||
| 942 |
_2ddc _cLIBROS |
||
| 945 | _adavv | ||